Talent Abroad: <A> Review of Romanian Emigrants

Enregistré dans:
Détails bibliographiques
Format: Livre
Langue:anglais
Publié: Paris OECD 2019
Sujets:
Tags: Ajouter un tag
Pas de tags, Soyez le premier à ajouter un tag!

MARC

LEADER 00000nam a2200000 4500
001 0276611
005 20221220065256.4
020 |a 978-92-64-93431-3 
041 0 |a eng 
044 |a FR 
245 1 0 |a Talent Abroad: <A> Review of Romanian Emigrants 
264 1 |a Paris  |b OECD  |c 2019 
300 |a 169 s. 
610 2 0 |a emigrácia 
610 2 0 |a migrácia 
610 2 0 |a trh práce 
610 2 0 |a práca v zahraničí 
610 2 0 |a sily pracovné 
610 2 0 |a demografia 
610 2 0 |a porovnanie štatistické medzinárodné 
610 2 0 |a Rumunsko